00271 a2200085 4500100002300000245004900023300004200072650001600114773005500130 aAGBENORSI, Justice aCecilia Dapaah case: Lead suspect seeks bail aWednesday, September 6, 2023 Pages 26 aJudiciary 0 tDaily GraphicdAccra Daily Graphic 2023x0855-1529